000 00357nam a2200145Ia 4500
008 230917s9999||||xx |||||||||||||| ||und||
040 _e45687
_aMAIN
041 _aEnglish
082 _a821.7 T258H: T
100 _aHunt, John Dixon
245 0 _aTennyson in memoriam: a casebook
260 _aLondon
_bMacmillan
_c1970
300 _a164 p.
942 _cBK
999 _c180119
_d180119